[Event "Ceske Budejovice Open-A 2019"]
[Site "Ceske Budejovice"]
[Date "2019.07.02"]
[Round "3.1"]
[White "Karasek, Lukas"]
[Black "Frolov, Artur"]
[Result "0-1"]
[WhiteElo "2278"]
[BlackElo "2453"]
[Annotator "ChessBase"]
[PlyCount "86"]
[EventDate "2019.07.02"]
[EventCountry "CZE"]
[SourceTitle "playchess.com"]
[Source "ChessBase"]
[SourceQuality "1"]

1. Nf3 Nf6 2. c4 g6 3. g3 Bg7 4. Bg2 O-O 5. d4 d6 6. O-O Nbd7 7. Nc3 e5 8. e4 Re8 9. h3 exd4 10. Nxd4 Nc5 11. Re1 Bd7 12. Kh2 h5 13. Bf4 h4 14. g4 Nh7 15. Be3 Ne6 16. Nde2 g5 17. Qd2 Be5+ 18. Kh1 Nhf8 19. f4 gxf4 20. Nxf4 Nxf4 21. Bxf4 Be6 22. Bg5 f6 23. Bxh4 Ng6 24. Bf2 Kg7 25. Nd5 Rh8 26. Kg1 Qd7 27. Ne3 Nf4 28. Nf5+ Bxf5 29. exf5 Nxh3+ 30. Kf1 Nxf2 31. Qxf2 Rh2 32. Rad1 Rah8 33. Rxe5 fxe5 34. f6+ Kf8 35. Qxa7 Rh1+ 36. Kf2 Rxd1 37. Qb8+ Qe8 38. Qxc7 Rg8 39. Bd5 Rxd5 40. cxd5 Rxg4 41. Qxd6+ Kf7 42. Qc7+ Kxf6 43. Qxb7 Qf7 0-1

[Event "Ceske Budejovice Open-A 2019"]
[Site "Ceske Budejovice"]
[Date "2019.07.02"]
[Round "3.2"]
[White "Barrish, Daniel"]
[Black "Plischki, Sebastian"]
[Result "1/2-1/2"]
[WhiteElo "2209"]
[BlackElo "2420"]
[Annotator "NA"]
[PlyCount "113"]
[EventDate "2019.07.02"]
[EventCountry "CZE"]
[SourceTitle "playchess.com"]
[Source "ChessBase"]
[SourceQuality "1"]

1. d4 Nf6 2. c4 d6 3. Nc3 g6 4. e4 Bg7 5. f3 a6 6. Be3 c6 7. c5 O-O 8. Nge2 b5 9. cxb6 Nbd7 10. Qd2 Nxb6 11. Ng3 a5 12. b3 a4 13. bxa4 Nxa4 14. Bc4 Nxc3 15. Qxc3 d5 16. Be2 dxe4 17. fxe4 Ba6 18. Qxc6 Bxe2 19. Nxe2 Ra3 20. Bd2 Ng4 21. e5 Rd3 22. Qe4 Nxe5 23. Rd1 f5 24. Qb7 Nf7 25. Bb4 Rxd1+ 26. Kxd1 Re8 27. d5 Nd6 28. Qa6 Qd7 29. Kc2 Rc8+ 30. Kb3 Rb8 31. Rc1 Be5 32. g3 Ne4 33. Qe6+ Qxe6 34. dxe6 Kg7 35. Rc6 g5 36. Kc4 Kf6 37. a4 Nd6+ 38. Bxd6 Bxd6 39. a5 Rb4+ 40. Kc3 Ra4 41. a6 Kxe6 42. Kb3 Ra5 43. Rb6 Kd7 44. Nd4 f4 45. gxf4 gxf4 46. Rb7+ Kc8 47. Nb5 Rxa6 48. Nxd6+ Rxd6 49. Rxe7 Rf6 50. Kc4 f3 51. Re1 Rh6 52. Rf1 Rxh2 53. Rxf3 Rd2 54. Rf8+ Kc7 55. Rf7+ Rd7 56. Rxd7+ Kxd7 57. Kd4 1/2-1/2

[Event "Ceske Budejovice Open-A 2019"]
[Site "Ceske Budejovice"]
[Date "2019.07.02"]
[Round "3.4"]
[White "Velicka, Petr"]
[Black "Malinovsky, Petr"]
[Result "1-0"]
[WhiteElo "2428"]
[BlackElo "2058"]
[Annotator "NA"]
[PlyCount "97"]
[EventDate "2019.07.02"]
[EventCountry "CZE"]
[SourceTitle "playchess.com"]
[Source "ChessBase"]
[SourceQuality "1"]

1. e4 c5 2. Nf3 g6 3. c4 Nc6 4. d4 cxd4 5. Nxd4 Nf6 6. Nc3 d6 7. Be2 Nxd4 8. Qxd4 Bg7 9. Be3 O-O 10. Qd2 Be6 11. Rc1 Qa5 12. f3 Rfc8 13. b3 a6 14. Na4 Qxd2+ 15. Kxd2 Nd7 16. g4 f5 17. exf5 gxf5 18. h3 Rf8 19. f4 Rad8 20. Nc3 d5 21. cxd5 Nf6 22. Ke1 Nxd5 23. Nxd5 Bxd5 24. Rg1 e6 25. gxf5 Rxf5 26. Bd4 Rf7 27. Bh5 Rfd7 28. Bf6 Rf8 29. Be5 h6 30. Ke2 Kh7 31. Bxg7 Rxg7 32. Rxg7+ Kxg7 33. Rc7+ Kf6 34. Rh7 Kf5 35. Ke3 Rf6 36. Be2 Kg6 37. Bd3+ Kh5 38. Rg7 Kh4 39. Bf1 h5 40. Be2 Rh6 41. Rg5 a5 42. Bf3 a4 43. bxa4 Kxh3 44. Bxh5 Bxa2 45. Bf3 Rh7 46. Rg1 Rc7 47. Kf2 Rc2+ 48. Be2 Bd5 49. Rg5 1-0

[Event "Ceske Budejovice Open-A 2019"]
[Site "Ceske Budejovice"]
[Date "2019.07.02"]
[Round "3.6"]
[White "Marsalek, Zdenek"]
[Black "Nejdl, Eduard"]
[Result "1/2-1/2"]
[WhiteElo "2259"]
[BlackElo "1995"]
[Annotator "NA"]
[PlyCount "34"]
[EventDate "2019.07.02"]
[EventCountry "CZE"]
[SourceTitle "playchess.com"]
[Source "ChessBase"]
[SourceQuality "1"]

1. d4 f5 2. Bf4 Nf6 3. Nf3 e6 4. e3 Be7 5. Nbd2 d5 6. Ne5 Nbd7 7. Bd3 O-O 8. h3 Nxe5 9. Bxe5 Bd7 10. Qe2 Be8 11. O-O-O c5 12. c3 c4 13. Bc2 b5 14. g4 Nd7 15. Nf3 Nxe5 16. dxe5 b4 17. Nd4 bxc3 1/2-1/2

[Event "Ceske Budejovice Open-A 2019"]
[Site "Ceske Budejovice"]
[Date "2019.07.02"]
[Round "3.7"]
[White "Placer, Sebastian"]
[Black "Vltavsky, Vladimir"]
[Result "1/2-1/2"]
[WhiteElo "2052"]
[BlackElo "2179"]
[Annotator "NA"]
[PlyCount "54"]
[EventDate "2019.07.02"]
[EventCountry "CZE"]
[SourceTitle "playchess.com"]
[Source "ChessBase"]
[SourceQuality "1"]

1. d4 Nf6 2. Nf3 e6 3. c4 Bb4+ 4. Nbd2 Ne4 5. a3 Nxd2 6. Bxd2 Bxd2+ 7. Qxd2 d6 8. e3 Nd7 9. Be2 O-O 10. O-O Qe7 11. b4 e5 12. Rfd1 e4 13. Ne1 c6 14. Nc2 d5 15. c5 Qg5 16. b5 f5 17. bxc6 bxc6 18. Rab1 Qd8 19. Nb4 Qc7 20. Qa2 Nf6 21. Na6 Bxa6 22. Bxa6 Rab8 23. Be2 Nd7 24. Rb4 f4 25. Bg4 fxe3 26. fxe3 Nf6 27. Be2 h5 1/2-1/2

[Event "Ceske Budejovice Open-A 2019"]
[Site "Ceske Budejovice"]
[Date "2019.07.02"]
[Round "3.8"]
[White "Nagy, Ladislav"]
[Black "Mirzoev, Azer"]
[Result "0-1"]
[WhiteElo "2061"]
[BlackElo "2474"]
[Annotator "ChessBase"]
[PlyCount "108"]
[EventDate "2019.07.02"]
[EventCountry "CZE"]
[SourceTitle "playchess.com"]
[Source "ChessBase"]
[SourceQuality "1"]

1. Nf3 d5 2. g3 g6 3. Bg2 Bg7 4. d3 e5 5. O-O Ne7 6. e4 Nbc6 7. Nbd2 O-O 8. c3 a5 9. a4 h6 10. Qc2 Be6 11. b3 Qd7 12. Ba3 Rfe8 13. Rab1 Rad8 14. Rfc1 g5 15. b4 axb4 16. Bxb4 b6 17. Nb3 dxe4 18. dxe4 Qd3 19. Ne1 Qxc2 20. Rxc2 Ra8 21. Ra2 Bf8 22. Nc2 Red8 23. Raa1 Nc8 24. Bxf8 Kxf8 25. Bf1 Nd6 26. f3 Nc4 27. Bxc4 Bxc4 28. Ne3 Be6 29. c4 Rd3 30. Kf2 Na5 31. Nxa5 Rxa5 32. Nd5 Rc5 33. Rb4 Rd2+ 34. Ke3 Rxh2 35. g4 h5 36. gxh5 Rxh5 37. Rg1 Kg7 38. Rg3 Kg6 39. f4 Bxd5 40. f5+ Kf6 41. cxd5 Rc3+ 42. Kf2 Rh2+ 43. Kg1 Rcc2 44. Rd3 Rcg2+ 45. Kf1 Ra2 46. Kg1 Rhc2 47. Rd1 g4 48. d6 cxd6 49. Rxd6+ Kg5 50. Rd1 f6 51. Re1 Rab2 52. Rb1 Rxb1+ 53. Rxb1 Rc4 54. Rxb6 Rxa4 0-1

[Event "Ceske Budejovice Open-A 2019"]
[Site "Ceske Budejovice"]
[Date "2019.07.02"]
[Round "3.9"]
[White "Nagy, Gabor"]
[Black "Puncochar, Jiri"]
[Result "1-0"]
[WhiteElo "2471"]
[BlackElo "2014"]
[Annotator "ChessBase"]
[PlyCount "81"]
[EventDate "2019.07.02"]
[EventCountry "CZE"]
[SourceTitle "playchess.com"]
[Source "ChessBase"]
[SourceQuality "1"]

1. c4 Nf6 2. Nc3 e6 3. Nf3 b6 4. g3 Bb7 5. Bg2 Be7 6. O-O O-O 7. d4 d5 8. Ne5 c6 9. e4 Nbd7 10. Nxc6 Bxc6 11. exd5 Bb7 12. d6 Bxg2 13. dxe7 Qxe7 14. Kxg2 Rfd8 15. Qe2 Qb4 16. Nd1 Rac8 17. b3 b5 18. cxb5 Qxd4 19. Bb2 Qd5+ 20. Kg1 Nb6 21. Bxf6 gxf6 22. Ne3 Qe5 23. Rad1 f5 24. Qh5 Qf6 25. Qf3 Rxd1 26. Rxd1 Qb2 27. g4 f4 28. Qxf4 Qxa2 29. Qg5+ Kf8 30. Qf6 Qe2 31. Qh8+ Ke7 32. Qxh7 Qxb5 33. Re1 Qg5 34. h3 Kf8 35. Qh8+ Qg8 36. Qa1 Rc7 37. Rd1 Ke8 38. Qe5 Rc8 39. Nf5 Ra8 40. Qb5+ Kf8 41. Qb4+ 1-0

[Event "Ceske Budejovice Open-A 2019"]
[Site "Ceske Budejovice"]
[Date "2019.07.02"]
[Round "3.10"]
[White "Barak, David"]
[Black "Glimbrant, Torbjorn"]
[Result "1/2-1/2"]
[WhiteElo "2015"]
[BlackElo "2195"]
[Annotator "NA"]
[PlyCount "90"]
[EventDate "2019.07.02"]
[EventCountry "CZE"]
[SourceTitle "playchess.com"]
[Source "ChessBase"]
[SourceQuality "1"]

1. d4 e6 2. c4 Nf6 3. Nc3 d5 4. cxd5 exd5 5. Bg5 c6 6. e3 Be7 7. Bd3 Nbd7 8. Qc2 Nf8 9. Nge2 Ne6 10. Bh4 g6 11. O-O Ng7 12. f3 O-O 13. Rae1 Be6 14. Kh1 Rc8 15. Qb1 Nf5 16. Bf2 c5 17. dxc5 Bxc5 18. Nf4 Ng7 19. Rd1 Qa5 20. Bc2 Rfd8 21. Bb3 Bb4 22. Nxe6 fxe6 23. Ne2 Kh8 24. Nf4 Rf8 25. Nd3 Bd6 26. Rc1 Rc6 27. Be1 Qc7 28. g3 Nf5 29. Bf2 Qe7 30. Nf4 g5 31. Ng2 g4 32. f4 Bb4 33. Rc2 Ne4 34. Be1 Rfc8 35. Rxc6 Rxc6 36. Bc2 Rc4 37. b3 Rc6 38. Bxe4 dxe4 39. Qxe4 Bxe1 40. Rxe1 Qd6 41. Qb1 Qd2 42. Rd1 Qe2 43. Re1 Qd2 44. Rd1 Qe2 45. Re1 Qd2 1/2-1/2

[Event "Ceske Budejovice Open-A 2019"]
[Site "Ceske Budejovice"]
[Date "2019.07.02"]
[Round "3.11"]
[White "Steiner, Bruno"]
[Black "Steiner, Juraj"]
[Result "1-0"]
[WhiteElo "2179"]
[BlackElo "1896"]
[Annotator "NA"]
[PlyCount "99"]
[EventDate "2019.07.02"]
[EventCountry "CZE"]
[SourceTitle "playchess.com"]
[Source "ChessBase"]
[SourceQuality "1"]

1. Nf3 c5 2. c4 Nf6 3. b3 b6 4. g3 Bb7 5. Bg2 e6 6. Bb2 Be7 7. O-O O-O 8. e3 d6 9. Qe2 Re8 10. Rd1 Qc7 11. Nc3 Nbd7 12. Rac1 Rac8 13. d3 Qb8 14. Ne1 Bxg2 15. Nxg2 Qb7 16. f4 a6 17. g4 g6 18. Rf1 b5 19. f5 exf5 20. gxf5 g5 21. e4 Rb8 22. Rc2 Ne5 23. Ne3 g4 24. Kh1 h5 25. Ncd5 Nxd5 26. Nxd5 f6 27. Bxe5 dxe5 28. h3 Kf7 29. Qe3 Rh8 30. cxb5 Bd6 31. b6 Rbg8 32. h4 Rc8 33. Kg2 Qd7 34. Kg3 Bf8 35. a4 Bh6 36. Qf2 Qd6 37. a5 Rhd8 38. Rc4 Qc6 39. Qe2 Qb5 40. b4 cxb4 41. Rc7+ Kf8 42. Qc2 Bf4+ 43. Kg2 b3 44. Qc3 Rb8 45. Rb1 Rxd5 46. Rxb3 Qxa5 47. Qxa5 Rxa5 48. Rb2 Rxb6 49. Rxb6 Ra1 50. Rb8# 1-0

[Event "Ceske Budejovice Open-A 2019"]
[Site "Ceske Budejovice"]
[Date "2019.07.02"]
[Round "3.12"]
[White "Kaspar, Jonas"]
[Black "Lys, Josef"]
[Result "0-1"]
[WhiteElo "1890"]
[BlackElo "2108"]
[Annotator "NA"]
[PlyCount "68"]
[EventDate "2019.07.02"]
[EventCountry "CZE"]
[SourceTitle "playchess.com"]
[Source "ChessBase"]
[SourceQuality "1"]

1. Nf3 c5 2. e4 Nc6 3. Bb5 a6 4. Bxc6 bxc6 5. O-O d6 6. Re1 e5 7. c3 Nf6 8. d3 Be7 9. Na3 O-O 10. Nc4 Be6 11. Nfd2 Ne8 12. Qa4 Qc7 13. Nf3 f6 14. d4 cxd4 15. cxd4 d5 16. Ncd2 Bd6 17. Nf1 dxe4 18. dxe5 exf3 19. exd6 Qxd6 20. Bf4 Qd7 21. Rad1 Qc8 22. gxf3 Bd5 23. Re7 g5 24. Bg3 Rf7 25. Rxf7 Kxf7 26. Qc2 Kg8 27. Nd2 Qe6 28. Kf1 Ng7 29. b3 Re8 30. Qd3 Qh3+ 31. Kg1 f5 32. Bc7 g4 33. Bg3 gxf3 34. Nxf3 f4 0-1

[Event "Ceske Budejovice Open-A 2019"]
[Site "Ceske Budejovice"]
[Date "2019.07.02"]
[Round "3.13"]
[White "Mulenko, Alexander"]
[Black "Tajovsky, Matej"]
[Result "1-0"]
[WhiteElo "2075"]
[BlackElo "1779"]
[Annotator "NA"]
[PlyCount "55"]
[EventDate "2019.07.02"]
[EventCountry "CZE"]
[SourceTitle "playchess.com"]
[Source "ChessBase"]
[SourceQuality "1"]

1. Nf3 Nf6 2. c4 e6 3. g3 b6 4. Bg2 Bb7 5. O-O d5 6. d4 Nbd7 7. cxd5 exd5 8. Nc3 Be7 9. Bf4 O-O 10. Rc1 Nh5 11. Ne5 Nxe5 12. Bxe5 f6 13. e4 g6 14. g4 fxe5 15. gxh5 exd4 16. Nxd5 Bc5 17. hxg6 hxg6 18. Qg4 Kh7 19. Nf4 Qe8 20. Ne6 Rf7 21. Ng5+ Kg7 22. Qh4 Rf8 23. Qh7+ Kf6 24. f4 Bd6 25. e5+ Bxe5 26. Bxb7 Bxf4 27. Rxf4+ Kxg5 28. Qh4# 1-0

[Event "Ceske Budejovice Open-A 2019"]
[Site "Ceske Budejovice"]
[Date "2019.07.02"]
[Round "3.14"]
[White "Stodola, Zdenek"]
[Black "Sykora, Ondrej"]
[Result "0-1"]
[WhiteElo "1551"]
[BlackElo "2065"]
[Annotator "NA"]
[PlyCount "56"]
[EventDate "2019.07.02"]
[EventCountry "CZE"]
[SourceTitle "playchess.com"]
[Source "ChessBase"]
[SourceQuality "1"]

1. d4 Nf6 2. c4 d6 3. Nc3 c6 4. e4 Nbd7 5. f4 g6 6. Nf3 Bg7 7. Bd3 Qc7 8. O-O e5 9. fxe5 dxe5 10. d5 cxd5 11. Nxd5 Nxd5 12. cxd5 Qb6+ 13. Kh1 O-O 14. Qe2 Nc5 15. Be3 Qd6 16. Rac1 Nxd3 17. Qxd3 Re8 18. Bc5 Qd8 19. Rf2 f5 20. exf5 e4 21. Qb3 exf3 22. d6+ Kh8 23. fxg6 fxg2+ 24. Rxg2 b6 25. Qf3 bxc5 26. gxh7 Qd7 27. Rxg7 Qxg7 28. Qxa8 Bb7+ 0-1

[Event "Ceske Budejovice Open-A 2019"]
[Site "Ceske Budejovice"]
[Date "2019.07.02"]
[Round "3.15"]
[White "Zacek, Petr"]
[Black "Sergeev, Vladimir"]
[Result "0-1"]
[WhiteElo "1883"]
[BlackElo "2411"]
[Annotator "NA"]
[PlyCount "94"]
[EventDate "2019.07.02"]
[EventCountry "CZE"]
[SourceTitle "playchess.com"]
[Source "ChessBase"]
[SourceQuality "1"]

1. d4 g6 2. Nf3 Bg7 3. c4 c5 4. Nc3 cxd4 5. Nxd4 Nc6 6. Nb3 Nf6 7. e4 O-O 8. Be2 b6 9. O-O d6 10. Be3 Bb7 11. Rc1 Rc8 12. f4 e6 13. Qd2 Qe7 14. Rfd1 Rfd8 15. Bf3 h5 16. h3 Nb8 17. Qe2 Na6 18. Bf2 Bh6 19. Be3 e5 20. fxe5 Bxe3+ 21. Qxe3 Qxe5 22. Qd4 Nb4 23. Nd5 Bxd5 24. cxd5 Na6 25. Qxe5 dxe5 26. a3 Kf8 27. Kf2 Ne8 28. Be2 Nb8 29. Nd2 Nd6 30. Ke3 b5 31. Nb3 Ke7 32. Nc5 Nd7 33. Nxd7 Kxd7 34. b4 Rxc1 35. Rxc1 h4 36. Rc5 Rb8 37. Bd3 Rb6 38. Rc1 Ra6 39. Ra1 f5 40. a4 fxe4 41. Be2 Nf5+ 42. Kxe4 Ng3+ 43. Kxe5 Nxe2 44. Rf1 bxa4 45. Rf7+ Ke8 46. Rh7 a3 47. d6 a2 0-1

[Event "Ceske Budejovice Open-A 2019"]
[Site "Ceske Budejovice"]
[Date "2019.07.02"]
[Round "3.16"]
[White "Schmid, Thomas"]
[Black "Rolinkova, Lucie"]
[Result "1/2-1/2"]
[WhiteElo "2143"]
[BlackElo "1703"]
[Annotator "NA"]
[PlyCount "66"]
[EventDate "2019.07.02"]
[EventCountry "CZE"]
[SourceTitle "playchess.com"]
[Source "ChessBase"]
[SourceQuality "1"]

1. e4 d5 2. exd5 Qxd5 3. Nc3 Qa5 4. d4 Nf6 5. Nf3 Bf5 6. Bc4 e6 7. Bd2 c6 8. Nd5 Qd8 9. Nxf6+ gxf6 10. Bb3 Bd6 11. Qe2 Nd7 12. O-O-O Qc7 13. Nh4 Bg6 14. g3 O-O-O 15. Kb1 Rhe8 16. Rhe1 e5 17. Nxg6 fxg6 18. dxe5 Rxe5 19. Qf1 Nc5 20. Bc3 Rxe1 21. Rxe1 Nxb3 22. axb3 Qf7 23. Qe2 f5 24. f4 Rd7 25. Qf2 b6 26. Be5 Qd5 27. Bxd6 Qxd6 28. Qe2 Qd2 29. Qe8+ Kc7 30. Re2 Qd1+ 31. Ka2 Kb7 32. Re7 Kc7 33. Re5 Kb7 1/2-1/2

[Event "Ceske Budejovice Open-A 2019"]
[Site "Ceske Budejovice"]
[Date "2019.07.02"]
[Round "3.17"]
[White "Chval, Zdenek"]
[Black "Brom, Jiri"]
[Result "0-1"]
[WhiteElo "1667"]
[BlackElo "2018"]
[Annotator "NA"]
[PlyCount "58"]
[EventDate "2019.07.02"]
[EventCountry "CZE"]
[SourceTitle "playchess.com"]
[Source "ChessBase"]
[SourceQuality "1"]

1. e4 c5 2. Nf3 Nc6 3. d4 cxd4 4. Nxd4 Nf6 5. Nc3 e5 6. Ndb5 d6 7. Bg5 a6 8. Na3 b5 9. Nd5 Be7 10. Bxf6 Bxf6 11. c3 Bg5 12. Nc2 Ne7 13. Ncb4 O-O 14. a4 bxa4 15. Rxa4 a5 16. Nxe7+ Qxe7 17. Nd5 Qb7 18. b4 axb4 19. Rxb4 Qa7 20. Bc4 Be6 21. O-O Qc5 22. Qb3 Ra5 23. Rd1 Kh8 24. h3 f5 25. Nb6 Bc8 26. Rd5 Ra1+ 27. Bf1 Qc7 28. Rc4 Qb8 29. Qb4 Ba6 0-1

[Event "Ceske Budejovice Open-A 2019"]
[Site "Ceske Budejovice"]
[Date "2019.07.02"]
[Round "3.18"]
[White "Rolinek, Dominik"]
[Black "Pavlicek, Adam"]
[Result "1-0"]
[WhiteElo "2004"]
[BlackElo "1651"]
[Annotator "NA"]
[PlyCount "109"]
[EventDate "2019.07.02"]
[EventCountry "CZE"]
[SourceTitle "playchess.com"]
[Source "ChessBase"]
[SourceQuality "1"]

1. d4 Nf6 2. Nf3 e6 3. Bf4 b6 4. e3 Bb7 5. Bd3 d6 6. Nbd2 Nbd7 7. O-O Nh5 8. Bg5 Be7 9. Bxe7 Qxe7 10. c3 g6 11. Qe2 a6 12. Rae1 O-O 13. Bb1 e5 14. dxe5 Nxe5 15. Nxe5 Qxe5 16. f4 Qe7 17. f5 Nf6 18. Qc4 b5 19. Qh4 Rae8 20. e4 Nd7 21. f6 Qe5 22. Rf4 Qh5 23. Qxh5 gxh5 24. Ref1 Re6 25. g3 Kh8 26. Kg2 Rg8 27. Kh3 Rg4 28. Rxg4 hxg4+ 29. Kxg4 Rxf6 30. Rxf6 Nxf6+ 31. Kf4 Nd7 32. Nf3 Kg7 33. b4 h6 34. Bc2 Kf6 35. Nd4 d5 36. Nf5 h5 37. Ne3 c6 38. exd5 cxd5 39. Bd1 Kg6 40. Bf3 Nb6 41. Ke5 Kg5 42. h4+ Kg6 43. Nxd5 Bxd5 44. Bxd5 Nxd5 45. Kxd5 Kf5 46. c4 bxc4 47. Kxc4 Kg4 48. a4 Kxg3 49. b5 axb5+ 50. axb5 Kxh4 51. b6 f5 52. b7 Kh3 53. b8=Q h4 54. Qf4 Kg2 55. Qxh4 1-0

[Event "Ceske Budejovice Open-A 2019"]
[Site "Ceske Budejovice"]
[Date "2019.07.02"]
[Round "3.19"]
[White "Stehlik, Jiri"]
[Black "Szotkowski, David"]
[Result "1/2-1/2"]
[WhiteElo "1943"]
[BlackElo "1869"]
[Annotator "NA"]
[PlyCount "35"]
[EventDate "2019.07.02"]
[EventCountry "CZE"]
[SourceTitle "playchess.com"]
[Source "ChessBase"]
[SourceQuality "1"]

1. Nf3 Nf6 2. d4 c5 3. c3 e6 4. Bf4 Nc6 5. e3 d5 6. Nbd2 Be7 7. h3 O-O 8. Bd3 b6 9. O-O Bb7 10. Re1 h6 11. Rc1 Rc8 12. Qe2 Na5 13. Ne5 Nc6 14. Nxc6 Bxc6 15. Nf3 Ne4 16. Nd2 Nxd2 17. Qxd2 Qd7 18. Qe2 1/2-1/2

[Event "Ceske Budejovice Open-A 2019"]
[Site "Ceske Budejovice"]
[Date "2019.07.02"]
[Round "3.20"]
[White "Asatryan, Manvel"]
[Black "Muron, Miroslav"]
[Result "0-1"]
[WhiteElo "1799"]
[BlackElo "2215"]
[Annotator "NA"]
[PlyCount "108"]
[EventDate "2019.07.02"]
[EventCountry "CZE"]
[SourceTitle "playchess.com"]
[Source "ChessBase"]
[SourceQuality "1"]

1. e4 e5 2. d4 exd4 3. Qxd4 Nc6 4. Qe3 g6 5. Nc3 Bg7 6. Bd2 Nge7 7. O-O-O O-O 8. h4 d5 9. exd5 Ne5 10. f4 Nf5 11. Qe1 Ng4 12. Nge2 Qf6 13. Ng3 Bd7 14. Nge4 Qb6 15. h5 Rfe8 16. hxg6 hxg6 17. Bd3 Nd6 18. f5 Nxe4 19. fxg6 f5 20. Bxe4 fxe4 21. Qh4 Qxg6 22. Rdf1 e3 23. Be1 e2 24. Rf3 Qh6+ 25. Qxh6 Bxh6+ 26. Kb1 Bg7 27. Rg3 Re7 28. Rh4 Rf8 29. Rf3 Ne3 30. Rxf8+ Kxf8 31. Rf4+ Ke8 32. Rf2 Nd1 33. Rf3 Nxc3+ 34. bxc3 Re4 35. Kc1 Bg4 36. Rg3 Bh6+ 37. Kb2 b5 38. Kb3 Kd7 39. Rd3 a5 40. Rd4 Rxd4 41. cxd4 Kd6 42. c4 a4+ 43. Kb4 bxc4 44. Kxc4 Bc1 45. Bb4+ Kd7 46. Kd3 Ba3 47. Be1 Bd6 48. Ke4 Kc8 49. Kd3 Kb7 50. Kc3 Ka6 51. Kc4 Bf5 52. Kc3 Kb5 53. Kd2 Bg4 54. Kd3 Bb4 0-1

[Event "Ceske Budejovice Open-A 2019"]
[Site "Ceske Budejovice"]
[Date "2019.07.02"]
[Round "3.21"]
[White "Vahala, Tomas"]
[Black "Baloun, Tomas"]
[Result "1/2-1/2"]
[WhiteElo "1774"]
[BlackElo "1887"]
[Annotator "NA"]
[PlyCount "59"]
[EventDate "2019.07.02"]
[EventCountry "CZE"]
[SourceTitle "playchess.com"]
[Source "ChessBase"]
[SourceQuality "1"]

1. e4 d5 2. exd5 Qxd5 3. Nc3 Qd6 4. d4 Nf6 5. Bd3 c6 6. Nge2 Bg4 7. f3 Bh5 8. Bf4 Qb4 9. O-O Nbd7 10. a3 Qb6 11. Kh1 e6 12. Na4 Qd8 13. c4 Bg6 14. Bxg6 hxg6 15. Ng3 Nh5 16. Nxh5 Rxh5 17. Bg3 Nf6 18. Nc3 Bd6 19. Bxd6 Qxd6 20. h3 O-O-O 21. Ne2 Rdh8 22. Rf2 Nh7 23. f4 g5 24. Ng3 Rh4 25. Ne4 Qe7 26. Nxg5 Nxg5 27. fxg5 Qxg5 28. Qf3 f6 29. Rd1 Rd8 30. Qe2 1/2-1/2

[Event "Ceske Budejovice Open-A 2019"]
[Site "Ceske Budejovice"]
[Date "2019.07.02"]
[Round "3.22"]
[White "Nezval, Filip"]
[Black "Pavlicek, Petr"]
[Result "0-1"]
[WhiteElo "1860"]
[BlackElo "1828"]
[Annotator "NA"]
[PlyCount "114"]
[EventDate "2019.07.02"]
[EventCountry "CZE"]
[SourceTitle "playchess.com"]
[Source "ChessBase"]
[SourceQuality "1"]

1. c4 Nf6 2. d4 g6 3. Nc3 d5 4. cxd5 Nxd5 5. e4 Nxc3 6. bxc3 Bg7 7. Be3 c5 8. Qd2 Qa5 9. Rc1 O-O 10. d5 Rd8 11. c4 Nc6 12. Qxa5 Nxa5 13. Bxc5 e6 14. Bb4 b6 15. Bxa5 bxa5 16. Bd3 Ba6 17. Ne2 Rab8 18. O-O Rb2 19. Nc3 Rd2 20. Rfd1 Bxc3 21. Rxd2 Bxd2 22. Rd1 Bb4 23. f4 Rc8 24. e5 Bxc4 25. Bxc4 Rxc4 26. d6 Rc8 27. Rd3 Bc5+ 28. Kf1 Rd8 29. g4 f6 30. Ke2 fxe5 31. fxe5 Rd7 32. Kd2 Kf8 33. Kc3 Ke8 34. Kc4 Bb6 35. Kb5 Rf7 36. Rh3 Bd4 37. Kc6 Rd7 38. Rd3 Bxe5 39. h4 h6 40. g5 hxg5 41. hxg5 Bf4 42. Rd4 Rxd6+ 43. Rxd6 Bxd6 44. Kxd6 Kf7 45. a4 a6 46. Kc6 Ke7 47. Kb6 e5 48. Kxa5 e4 49. Kxa6 e3 50. Kb7 e2 51. a5 e1=Q 52. a6 Qb4+ 53. Ka8 Qe4+ 54. Kb8 Qe5+ 55. Kb7 Qxg5 56. a7 Qd5+ 57. Kb8 g5 0-1

[Event "Ceske Budejovice Open-A 2019"]
[Site "Ceske Budejovice"]
[Date "2019.07.02"]
[Round "3.23"]
[White "Solovyova, Anastasia"]
[Black "Petras, Milan"]
[Result "1/2-1/2"]
[WhiteElo "1835"]
[BlackElo "1987"]
[Annotator "NA"]
[PlyCount "96"]
[EventDate "2019.07.02"]
[EventCountry "CZE"]
[SourceTitle "playchess.com"]
[Source "ChessBase"]
[SourceQuality "1"]

1. d4 d6 2. c4 g6 3. Nc3 Bg7 4. e4 e5 5. d5 f5 6. exf5 Bxf5 7. Bd3 Nf6 8. Bg5 O-O 9. Nge2 Na6 10. Ne4 Bxe4 11. Bxe4 Nc5 12. Ng3 a5 13. Qc2 Qd7 14. Bxf6 Bxf6 15. O-O Qg4 16. Bf3 Qf4 17. Rae1 b6 18. Ne4 Bg5 19. a3 a4 20. Re2 Nb3 21. Re3 Nd4 22. Qd3 Qh4 23. Nxg5 Qxg5 24. Be4 Rf6 25. Rg3 Qh5 26. Rh3 Qe2 27. Qxe2 Nxe2+ 28. Kh1 Nd4 29. Re3 Rb8 30. f3 b5 31. cxb5 Rxb5 32. Rf2 Nb3 33. Rc3 Nc5 34. Bd3 Ra5 35. Kg1 Kg7 36. Bc2 Rf8 37. Be4 Rb5 38. Rcc2 Rf4 39. g3 Rf7 40. Kg2 Rf8 41. Rfd2 Rfb8 42. Kf2 Kf6 43. Kg2 Kg5 44. h4+ Kf6 45. Rf2 Ke7 46. h5 Kf6 47. hxg6 hxg6 48. Kh3 Rb3 1/2-1/2

[Event "Ceske Budejovice Open-A 2019"]
[Site "Ceske Budejovice"]
[Date "2019.07.02"]
[Round "3.24"]
[White "Kovar, Petr"]
[Black "Lauko, Marian"]
[Result "1/2-1/2"]
[WhiteElo "1937"]
[BlackElo "1817"]
[Annotator "NA"]
[PlyCount "27"]
[EventDate "2019.07.02"]
[EventCountry "CZE"]
[SourceTitle "playchess.com"]
[Source "ChessBase"]
[SourceQuality "1"]

1. Nf3 Nf6 2. c4 c5 3. g3 g6 4. Bg2 Bg7 5. O-O O-O 6. Nc3 Nc6 7. d3 d6 8. h3 h6 9. Bd2 e5 10. Rb1 Rb8 11. a3 Nd4 12. Ne1 Bd7 13. e3 Ne6 14. b4 1/2-1/2

[Event "Ceske Budejovice Open-A 2019"]
[Site "Ceske Budejovice"]
[Date "2019.07.02"]
[Round "3.25"]
[White "Chval, Petr"]
[Black "Sedivy, Karel"]
[Result "1-0"]
[WhiteElo "1885"]
[BlackElo "1757"]
[Annotator "NA"]
[PlyCount "39"]
[EventDate "2019.07.02"]
[EventCountry "CZE"]
[SourceTitle "playchess.com"]
[Source "ChessBase"]
[SourceQuality "1"]

1. e4 c5 2. Nf3 Nc6 3. d4 cxd4 4. Nxd4 Nf6 5. Nc3 e5 6. Ndb5 d6 7. Nd5 Nxd5 8. exd5 Ne7 9. c4 a6 10. Qa4 axb5 11. Qxa8 Nf5 12. cxb5 Nd4 13. Bd3 Be7 14. Be3 O-O 15. O-O Bg5 16. Rac1 h6 17. Rc4 Nf3+ 18. gxf3 Bxe3 19. Rxc8 Bxf2+ 20. Rxf2 1-0